Familia y escuela, escuela y familia : guía para que padres y docentes nos entendamos /

Bibliographic Details
Main Author: González, Óscar, (Educator) (Author)
Format: Electronic eBook
Language:Spanish
Published: Bilbao : Desclée De Brouwer, 2014.
Series:Colección Aprender a ser.
Subjects:
Online Access:Digitalia Hispánica

MARC

LEADER 00000nam a2200000 i 4500
001 DIGDESCL0114
003 NyNyDIG
006 m o d
007 cr |||||||||||
008 231119s2014 sp ob 000 0 spa d
035 |a (OCoLC)1410557407 
040 |a DGITA  |b eng  |e rda  |e pn  |c DGITA 
020 |a 9788433036964  |q eBook 
020 |z 9788433027085 
050 1 4 |a LB1033.5 ebook 
100 1 |a González, Óscar,  |c (Educator),  |e author. 
245 1 0 |a Familia y escuela, escuela y familia :  |b guía para que padres y docentes nos entendamos /  |c Óscar González. 
264 1 |a Bilbao :  |b Desclée De Brouwer,  |c 2014. 
300 |a 1 online resource. 
336 |a text  |b txt  |2 rdacontent 
337 |a computer file  |b c  |2 rdamedia 
338 |a online resource  |b cr  |2 rdacarrier 
347 |a text file  |2 rdaft 
347 |b EPUB 
490 1 |a Aprender a ser, educación en valores. 
504 |a Includes bibliographical references. 
586 |a Premio Magisterio 2013. 
588 0 |a Online resource; title from ePub title page (Digitalia, viewed November 19, 2023) 
650 0 |a Communication in education. 
650 0 |a Teacher-student relationships. 
650 0 |a Parent-teacher relationships. 
650 0 |a Home and school. 
776 0 8 |i Print version:  |a González, Óscar, (Educator).  |t Familia y escuela, escuela y familia.  |d Bilbao : Desclée De Brouwer, [2014]  |z 9788433027085 
791 2 |a Digitalia (Firm),  |e distributor. 
793 0 |g Digitalia eBook Collection:  |a Editorial Desclée De Brouwer 
830 0 |a Colección Aprender a ser. 
856 4 0 |3 Digitalia Hispánica  |u https://www.digitaliapublishing.com/a/84181/ 
910 |a Premium collection: 2023